[Event "BRA-ch Amateur U2000"]
[Site "Sao Paulo"]
[Date "2019.06.21"]
[Round "3"]
[White "Fernandes, Adriano Carvalho"]
[Black "Marques, Eudes Pinto"]
[Result "0-1"]
[WhiteElo "1750"]
[BlackElo "1952"]
[PlyCount "64"]
[EventDate "2019.06.20"]
[EventType "swiss"]
[EventRounds "7"]
[EventCountry "BRA"]
[SourceTitle "EXT 2020"]
[Source "ChessBase"]
[SourceDate "2019.10.17"]
[SourceVersion "1"]
[SourceVersionDate "2019.10.17"]
[SourceQuality "1"]

1. e4 e6 2. d4 c5 3. Nf3 cxd4 4. Nxd4 Nc6 5. Be2 Nf6 6. Nc3 Bb4 7. Nxc6 bxc6 8. Qd4 Qb6 9. Qxb6 axb6 10. e5 Ne4 11. Bd2 Bxc3 12. Bxc3 Nxc3 13. bxc3 Ra5 14. f4 Ba6 15. Bxa6 Rxa6 16. Ke2 Ke7 17. Rhb1 Rha8 18. Rb2 b5 19. g3 h5 20. h3 Ra4 21. h4 f6 22. exf6+ Kxf6 23. Kf3 Kf5 24. Rd1 d5 25. Re1 Rxa2 26. Rxa2 Rxa2 27. Re5+ Kf6 28. Re2 g6 29. Kf2 c5 30. Ke3 Ra3 31. Kd2 b4 32. cxb4 cxb4 0-1

[Event "BRA-ch Amateur U2000"]
[Site "Sao Paulo"]
[Date "2019.06.20"]
[Round "1"]
[White "Fernandes, Adriano Carvalho"]
[Black "De Bona, Glauber"]
[Result "0-1"]
[WhiteElo "1750"]
[BlackElo "1976"]
[PlyCount "67"]
[EventDate "2019.06.20"]
[EventType "swiss"]
[EventRounds "7"]
[EventCountry "BRA"]
[SourceTitle "EXT 2020"]
[Source "ChessBase"]
[SourceDate "2019.10.17"]
[SourceVersion "1"]
[SourceVersionDate "2019.10.17"]
[SourceQuality "1"]

1. e4 c5 2. Nf3 e6 3. d4 cxd4 4. Nxd4 Nc6 5. Nc3 Qc7 6. Be3 a6 7. Be2 Nf6 8. 0-0 b5 9. a3 Bb7 10. f4 d6 11. Bf3 Nxd4 12. Bxd4 e5 13. Be3 Be7 14. Qe1 0-0 15. Qg3 Kh8 16. f5 Rac8 17. Qf2 Qc4 18. Be2 Qc6 19. h3 Rfd8 20. Bd3 d5 21. exd5 Nxd5 22. Be4 Qc7 23. Bxd5 Bxd5 24. Bb6 Qc4 25. Kh1 Rd6 26. Ba5 Bb7 27. Bb4 Bh4 28. Qe2 Qxe2 29. Nxe2 Rh6 30. Ng1 Rxc2 31. Nf3 Rxb2 32. Bc3 Rc2 33. Bxe5 Be7 34. Kh2 0-1

[Event "Florianopolis Regional STD op"]
[Site "Florianopolis"]
[Date "2018.10.14"]
[Round "5"]
[White "Fernandes, Adriano Carvalho"]
[Black "Consoli, Anderson Luiz"]
[Result "0-1"]
[WhiteElo "1741"]
[BlackElo "1414"]
[PlyCount "110"]
[EventDate "2018.10.12"]
[EventType "swiss"]
[EventRounds "6"]
[EventCountry "BRA"]
[SourceTitle "CBM 186 Extra"]
[Source "ChessBase"]
[SourceDate "2018.08.24"]
[SourceVersion "1"]
[SourceVersionDate "2018.08.24"]
[SourceQuality "1"]

1. e4 c5 2. Nf3 Nc6 3. c3 e6 4. d4 cxd4 5. Nxd4 a6 6. Be3 d5 7. exd5 Qxd5 8. b3 Nxd4 9. c4 Nf3+ 10. Qxf3 Qxf3 11. gxf3 Bb4+ 12. Nd2 Ne7 13. Bg2 Bd7 14. f4 Bc6 15. 0-0 Bxg2 16. Kxg2 Nf5 17. Nf3 0-0 18. Rad1 b5 19. c5 Nxe3+ 20. fxe3 Bxc5 21. Kf2 Rac8 22. Rd3 Bb4 23. Rfd1 Rc2+ 24. Kf1 Rxa2 25. Kg1 f6 26. Nd4 Re8 27. Nc6 Bc5 28. b4 Bf8 29. Nd8 Bxb4 30. Rc1 Ba5 31. Nxe6 Rxe6 32. Rc8+ Kf7 33. f5 Re7 34. Rb8 Rc7 35. Rd1 Re2 36. Ra8 Re1+ 37. Rxe1 Bxe1 38. Rxa6 Rb7 39. Ra1 Bd2 40. Kf2 b4 41. Ke2 Bc3 42. Rb1 Ke7 43. Kd3 Kd6 44. Kc4 Ke5 45. Kb3 Kxf5 46. Rg1 Ke4 47. Rg3 Ra7 48. Kc4 Rc7+ 49. Kb3 Kd3 50. e4+ Kxe4 51. Kc2 f5 52. h4 f4 53. Rg4 Ke3 54. h5 Ke2 55. Rxf4 Be5+ 0-1

[Event "Belo Horizonte IRT 4th"]
[Site "Belo Horizonte"]
[Date "2011.01.14"]
[Round "7.1"]
[White "Fernandes, Adriano Carvalho"]
[Black "Lapertosa Viana, Julio"]
[Result "0-1"]
[WhiteElo "1716"]
[BlackElo "2142"]
[PlyCount "52"]
[EventDate "2011.01.11"]
[EventType "tourn"]
[EventRounds "9"]
[EventCountry "BRA"]
[SourceTitle "EXT 2022"]
[Source "ChessBase"]
[SourceDate "2021.10.06"]
[SourceVersion "1"]
[SourceVersionDate "2021.10.06"]
[SourceQuality "1"]

1. e4 c5 2. Nf3 d6 3. d4 cxd4 4. Nxd4 Nf6 5. Nc3 a6 6. Be3 e6 7. f3 b5 8. g4 Nfd7 9. Qd2 Bb7 10. 0-0-0 Nb6 11. a3 N8d7 12. Kb1 Be7 13. h4 Ne5 14. Qf2 Nbc4 15. Bc1 Rc8 16. g5 Nxa3+ 17. bxa3 Rxc3 18. Bb2 Rc8 19. Bh3 Qb6 20. Qe2 0-0 21. Nxe6 fxe6 22. Bxe6+ Kh8 23. Bxc8 Bxc8 24. Bxe5 dxe5 25. Rd3 Be6 26. g6 Bc4 0-1

[Event "Belo Horizonte op"]
[Site "Belo Horizonte"]
[Date "2010.06.04"]
[Round "3"]
[White "Gomes, Marco Tulio Caldeir"]
[Black "Fernandes, Adriano Carvalho"]
[Result "1/2-1/2"]
[WhiteElo "1852"]
[BlackElo "1705"]
[PlyCount "53"]
[EventDate "2010.06.03"]
[EventType "swiss"]
[EventRounds "7"]
[EventCountry "BRA"]
[SourceTitle "CBM 137 Extra"]
[Source "ChessBase"]
[SourceDate "2010.09.01"]
[SourceVersion "1"]
[SourceVersionDate "2010.09.01"]
[SourceQuality "1"]

1. e4 e6 2. d4 d5 3. Nd2 Nf6 4. e5 Nfd7 5. Bd3 c5 6. c3 Nc6 7. Ne2 f6 8. exf6 Nxf6 9. Nf3 cxd4 10. cxd4 Bd6 11. 0-0 e5 12. dxe5 Nxe5 13. Nxe5 Bxe5 14. Re1 0-0 15. Bf4 Bxb2 16. Rb1 Ba3 17. Qb3 Bd6 18. Rbd1 Kh8 19. Bb1 b6 20. Qd3 Be6 21. Bg5 Bg8 22. Qh3 Qd7 23. Bf5 Qf7 24. Nd4 Qh5 25. Bxf6 Qxh3 26. Bxg7+ Kxg7 27. Bxh3 1/2-1/2